[Event "Regionalliga Nord-Ost 1819"]
[Site "Bayern"]
[Date "2019.02.03"]
[Round "6.7"]
[White "Auer, Guenther"]
[Black "Schiller, Stefan"]
[Result "0-1"]
[WhiteElo "1932"]
[BlackElo "1859"]
[PlyCount "64"]
[EventDate "2018.10.21"]
[EventType "team-tourn"]
[EventRounds "9"]
[EventCountry "GER"]
[SourceTitle "EXT 2022"]
[Source "ChessBase"]
[SourceDate "2021.10.06"]
[SourceVersion "1"]
[SourceVersionDate "2021.10.06"]
[SourceQuality "1"]
[WhiteTeam "Altensittenbach"]
[BlackTeam "Kelheim SK II"]
[WhiteTeamCountry "GER"]
[BlackTeamCountry "GER"]

1. d4 Nf6 2. Bf4 g6 3. Nc3 d5 4. e3 Bg7 5. h4 c6 6. Bd3 Qa5 7. a3 Ne4 8. Nge2 c5 9. 0-0 Nxc3 10. Nxc3 c4 11. Be2 0-0 12. Bf3 e6 13. h5 h6 14. hxg6 fxg6 15. Qd2 Nc6 16. Bg3 Bd7 17. b4 cxb3 18. cxb3 Rxf3 19. gxf3 Rf8 20. f4 Ne7 21. b4 Qd8 22. Bh4 g5 23. Bg3 Nf5 24. Qe2 gxf4 25. Bxf4 Nxd4 26. Qh5 Rf5 27. Qh1 Rg5+ 28. Bg3 Nb3 29. Rab1 Nd2 30. Ne2 Bb5 31. Nf4 Qb6 32. Ng2 Nf3# 0-1

[Event "Oberpfalz-ch M2"]
[Site "Kareth Lappersdorf"]
[Date "2008.03.18"]
[Round "7"]
[White "Schiller, Stefan"]
[Black "Grasser, Martin"]
[Result "1-0"]
[WhiteElo "1715"]
[BlackElo "1853"]
[PlyCount "45"]
[EventDate "2008.03.15"]
[EventType "swiss"]
[EventRounds "8"]
[EventCountry "GER"]
[SourceTitle "EXT 2022"]
[Source "ChessBase"]
[SourceDate "2021.10.06"]
[SourceVersion "1"]
[SourceVersionDate "2021.10.06"]
[SourceQuality "1"]

1. e4 d6 2. d4 Nf6 3. Nc3 g6 4. f4 Bg7 5. Nf3 0-0 6. Be3 c6 7. h3 b5 8. Bd3 a5 9. e5 dxe5 10. fxe5 Nd5 11. Nxd5 Qxd5 12. Qe2 Ba6 13. c3 Rd8 14. 0-0 c5 15. Ng5 Ra7 16. Nxf7 Rf8 17. Nh6+ Bxh6 18. Bxh6 Rxf1+ 19. Rxf1 Nd7 20. Qg4 Bb7 21. Rf2 cxd4 22. Bxg6 Qxe5 23. Bf7+ 1-0

[Event "GER-chT U20"]
[Site "Kelheim"]
[Date "2007.12.30"]
[Round "7.6"]
[White "Schiller, Stefan"]
[Black "Kohlmann, Adrian"]
[Result "0-1"]
[WhiteElo "1732"]
[BlackElo "1936"]
[PlyCount "68"]
[EventDate "2007.12.27"]
[EventType "team-swiss"]
[EventRounds "7"]
[EventCountry "GER"]
[SourceTitle "EXT 2022"]
[Source "ChessBase"]
[SourceDate "2021.10.06"]
[SourceVersion "1"]
[SourceVersionDate "2021.10.06"]
[SourceQuality "1"]
[WhiteTeam "Kelheim SK U20"]
[BlackTeam "Grossenseebach U20"]
[WhiteTeamCountry "GER"]
[BlackTeamCountry "GER"]

1. e4 g6 2. d4 Bg7 3. Nc3 d6 4. f4 c6 5. Be3 d5 6. e5 h5 7. h3 Nh6 8. Qf3 Bf5 9. Qf2 Nd7 10. Nf3 e6 11. Ng5 Rc8 12. Qd2 0-0 13. Be2 c5 14. dxc5 Nxc5 15. g4 hxg4 16. hxg4 Nxg4 17. Bxg4 Bxg4 18. Nh7 Re8 19. Qg2 Bf5 20. Qh2 Ne4 21. Bd4 Qa5 22. Kf1 Nxc3 23. bxc3 Qb5+ 24. Kf2 Rxc3 25. Bxc3 Qc5+ 26. Ke2 Qxc3 27. Rac1 Rc8 28. Nf6+ Kf8 29. Qh7 Qc4+ 30. Ke3 Bxf6 31. exf6 Qe4+ 32. Kf2 Qxf4+ 33. Kg2 Be4+ 34. Kh3 Rc3# 0-1

[Event "GER-chT U20"]
[Site "Kelheim"]
[Date "2007.12.29"]
[Round "5.6"]
[White "Schiller, Stefan"]
[Black "George, Tom"]
[Result "0-1"]
[WhiteElo "1732"]
[BlackElo "1684"]
[PlyCount "74"]
[EventDate "2007.12.27"]
[EventType "team-swiss"]
[EventRounds "7"]
[EventCountry "GER"]
[SourceTitle "EXT 2022"]
[Source "ChessBase"]
[SourceDate "2021.10.06"]
[SourceVersion "1"]
[SourceVersionDate "2021.10.06"]
[SourceQuality "1"]
[WhiteTeam "Kelheim SK U20"]
[BlackTeam "Stadtilm Blau Weiss U20"]
[WhiteTeamCountry "GER"]
[BlackTeamCountry "GER"]

1. e4 c5 2. a3 d6 3. b4 Nf6 4. Nc3 g6 5. Rb1 Bg7 6. Bc4 a6 7. bxc5 dxc5 8. Ba2 Nc6 9. h3 b5 10. d3 Rb8 11. Nf3 Qa5 12. Bd2 b4 13. Ne2 Qxa3 14. Ra1 Qb2 15. e5 Nd7 16. Bc4 Ncxe5 17. Nxe5 Qxe5 18. Ra2 Qf6 19. Ng3 Qb6 20. Qe2 Bb7 21. 0-0 Qc6 22. f3 Ra8 23. Re1 e6 24. Bb3 Nb6 25. Ne4 h6 26. Bf4 0-0 27. Qd2 Kh7 28. Qf2 Bd4 29. Re3 Nd5 30. Bxd5 exd5 31. Qh4 dxe4 32. Bxh6 Rh8 33. Kh1 Bxe3 34. Bxe3+ Kg8 35. Qg4 exf3 36. Ra5 fxg2+ 37. Kh2 Qf3 0-1

[Event "GER-chT U20"]
[Site "Kelheim"]
[Date "2007.12.28"]
[Round "3.5"]
[White "Schwarz, Felix"]
[Black "Schiller, Stefan"]
[Result "0-1"]
[WhiteElo "1605"]
[BlackElo "1732"]
[PlyCount "68"]
[EventDate "2007.12.27"]
[EventType "team-swiss"]
[EventRounds "7"]
[EventCountry "GER"]
[SourceTitle "EXT 2022"]
[Source "ChessBase"]
[SourceDate "2021.10.06"]
[SourceVersion "1"]
[SourceVersionDate "2021.10.06"]
[SourceQuality "1"]
[WhiteTeam "Heilbronn U20"]
[BlackTeam "Kelheim SK U20"]
[WhiteTeamCountry "GER"]
[BlackTeamCountry "GER"]

1. d4 d5 2. Nf3 c6 3. Bf4 Nf6 4. e3 Bg4 5. Nbd2 e6 6. Bd3 Be7 7. 0-0 Nbd7 8. c3 Nh5 9. Bg3 Nxg3 10. hxg3 Qc7 11. Qc2 h5 12. Nh2 Bd6 13. e4 g6 14. e5 Be7 15. Nxg4 hxg4 16. Be2 0-0-0 17. Bxg4 Rh7 18. f4 Rdh8 19. Kf2 Qb6 20. Nf3 c5 21. Rac1 f5 22. Bh3 Kb8 23. Qb3 Qd8 24. Rfe1 g5 25. fxg5 Bxg5 26. Rcd1 Rg7 27. c4 cxd4 28. Nxd4 Qe8 29. cxd5 Nc5 30. Qb4 Ne4+ 31. Kg1 Be7 32. Nc6+ Qxc6 33. Qxe4 Qb6+ 34. Qd4 Bc5 0-1

[Event "Nittenau-ch 7th"]
[Site "Nittenau"]
[Date "2007.??.??"]
[Round "3"]
[White "Zankl, Stephan"]
[Black "Schiller, Stefan"]
[Result "1/2-1/2"]
[WhiteElo "1553"]
[BlackElo "1756"]
[PlyCount "91"]
[EventDate "2007.??.??"]
[EventType "swiss"]
[EventRounds "5"]
[EventCountry "GER"]
[SourceTitle "EXT 2010"]
[Source "ChessBase"]
[SourceDate "2010.11.25"]
[SourceVersion "1"]
[SourceVersionDate "2010.11.25"]
[SourceQuality "1"]

1. d4 Nf6 2. Nf3 d5 3. Bf4 c6 4. c3 Bf5 5. Qb3 b6 6. Nbd2 e6 7. Ne5 Bd6 8. Ndf3 0-0 9. Bg5 c5 10. e3 c4 11. Qd1 h6 12. Bh4 Qc7 13. h3 Nbd7 14. g4 Be4 15. Rg1 Bxe5 16. Nxe5 Nxe5 17. dxe5 Qxe5 18. f4 Qd6 19. g5 hxg5 20. Bxg5 e5 21. Bh6 Ne8 22. Qh5 Bg6 23. Qh4 gxh6 24. f5 Kh7 25. fxg6+ fxg6 26. 0-0-0 Qf6 27. Qg4 Nc7 28. Be2 Qf5 29. Qg3 Rg8 30. Rdf1 Qe6 31. Bg4 Qe7 32. h4 h5 33. Bxh5 gxh5 34. Qf3 Kh8 35. Qxh5+ Qh7 36. Qxe5+ Rg7 37. Rf7 Ne6 38. Rgxg7 Nxg7 39. Qxd5 Re8 40. Qxc4 Qg6 41. Rxa7 Qg1+ 42. Kc2 Qxe3 43. Qc6 Qe2+ 44. Kb3 Re6 45. Qd7 Qg2 46. Rc7 1/2-1/2

[Event "Nittenau-ch 5th"]
[Site "Nittenau"]
[Date "2005.09.04"]
[Round "7"]
[White "Schiller, Stefan"]
[Black "Beer, Franz"]
[Result "1-0"]
[WhiteElo "1782"]
[BlackElo "1640"]
[PlyCount "163"]
[EventDate "2005.09.01"]
[EventType "swiss"]
[EventRounds "7"]
[EventCountry "GER"]
[SourceTitle "EXT 2008"]
[Source "ChessBase"]
[SourceDate "2007.11.25"]
[SourceVersion "1"]
[SourceVersionDate "2007.11.25"]
[SourceQuality "1"]

1. e4 c6 2. d4 d5 3. exd5 cxd5 4. c4 Nf6 5. Be3 e6 6. Nc3 Be7 7. Nf3 0-0 8. Bd3 dxc4 9. Bxc4 Nc6 10. 0-0 a6 11. Qe2 b5 12. Bd3 Nb4 13. Bb1 Nbd5 14. Nxd5 Nxd5 15. Bd2 Bf6 16. Ne5 Bb7 17. Bd3 g6 18. Rad1 Rc8 19. a3 Qe7 20. Rfe1 Rfe8 21. Qg4 Bg7 22. Qh3 Ba8 23. Bh6 Rc7 24. Bxg7 Kxg7 25. Qg3 Rec8 26. Ng4 Qd8 27. Qe5+ Nf6 28. Ne3 Kg8 29. Bb1 Bd5 30. g4 Bf3 31. Ba2 Nxg4 32. Nxg4 Bxg4 33. Rd3 Rc1 34. Rxc1 Rxc1+ 35. Kg2 Bf5 36. Rg3 Rd1 37. d5 f6 38. Qe2 Rxd5 39. Bxd5 Qxd5+ 40. Kg1 Qa2 41. Rc3 Qb1+ 42. Kg2 Be4+ 43. f3 Bd5 44. Qf2 Qf5 45. Rc8+ Kg7 46. Rc7+ Kh6 47. Qh4+ Qh5 48. Qxf6 Qg5+ 49. Qxg5+ Kxg5 50. Rxh7 a5 51. Kg3 a4 52. Rf7 Kh6 53. f4 e5 54. Rd7 exf4+ 55. Kxf4 Bc4 56. Rc7 Bd3 57. Rc5 Bc4 58. Ke3 g5 59. Kf3 Kh5 60. Kg3 Kg6 61. Re5 Kf6 62. Re1 Kf5 63. Re8 Bb3 64. Rf8+ Kg6 65. Kf3 Bd5+ 66. Ke3 Kh5 67. Kd4 Bc4 68. Rc8 Bf1 69. Kc5 Kh4 70. Rf8 Bc4 71. Rh8+ Kg4 72. Rf8 Kh3 73. Rf2 g4 74. Kd4 Bb3 75. Ke3 g3 76. hxg3 Kxg3 77. Rf5 Bc4 78. Kd4 Kg4 79. Rc5 Bf1 80. Kc3 Kf4 81. Kb4 Ke4 82. Rxb5 1-0

[Event "Nittenau-ch 5th"]
[Site "Nittenau"]
[Date "2005.09.02"]
[Round "3"]
[White "Schiller, Stefan"]
[Black "Schweizer, Regina"]
[Result "1-0"]
[WhiteElo "1782"]
[BlackElo "1220"]
[PlyCount "53"]
[EventDate "2005.09.01"]
[EventType "swiss"]
[EventRounds "7"]
[EventCountry "GER"]
[SourceTitle "EXT 2008"]
[Source "ChessBase"]
[SourceDate "2007.11.25"]
[SourceVersion "1"]
[SourceVersionDate "2007.11.25"]
[SourceQuality "1"]

1. e4 c5 2. Nf3 d6 3. d4 cxd4 4. Nxd4 Nf6 5. Nc3 g6 6. Be3 Bg7 7. f3 Nc6 8. Qd2 Bd7 9. Bc4 Ne5 10. Bb3 Qa5 11. h4 0-0 12. 0-0-0 Rfc8 13. Kb1 Nc4 14. Bxc4 Rxc4 15. h5 Nxh5 16. g4 Nf6 17. Nb3 Qc7 18. e5 Ne8 19. Qh2 f6 20. Qxh7+ Kf7 21. exd6 exd6 22. Rh6 Be6 23. Qxg6+ Ke7 24. Rh7 Bf7 25. Rxg7 Nxg7 26. Qxg7 Qd7 27. Nd5+ 1-0

[Event "GER-chT U16"]
[Site "Dittrichshuette"]
[Date "2004.12.30"]
[Round "6"]
[White "Schaetz, Christopher"]
[Black "Schiller, Stefan"]
[Result "0-1"]
[WhiteElo "1582"]
[BlackElo "1819"]
[PlyCount "70"]
[EventDate "2004.12.27"]
[EventType "team"]
[EventRounds "6"]
[EventCountry "GER"]
[SourceTitle "EXT 2006"]
[Source "ChessBase"]
[SourceDate "2005.11.24"]
[SourceVersion "1"]
[SourceVersionDate "2005.11.24"]
[SourceQuality "1"]

1. e4 c5 2. Nf3 d6 3. d4 cxd4 4. Nxd4 Nf6 5. Nc3 g6 6. Be3 Bg7 7. Qd2 Ng4 8. Bg5 h6 9. Bh4 Nc6 10. Nxc6 bxc6 11. Bc4 0-0 12. 0-0-0 Rb8 13. f3 Ne5 14. Bb3 Nd7 15. Qe3 Nb6 16. g4 a5 17. e5 Bxe5 18. Qxh6 a4 19. Qxg6+ Bg7 20. Bxf7+ Rxf7 21. Ne4 Nc4 22. Ng5 Rf6 23. Qh7+ Kf8 24. Qe4 Rf5 25. Qxc4 Bxb2+ 26. Kd2 Qa5+ 27. c3 Bxc3+ 28. Kc2 Rb2+ 29. Kc1 Rxg5 30. Bxg5 Qxg5+ 31. f4 Qg6 32. Rd3 Bf6 33. g5 Bg7 34. Rhd1 Bf5 35. Re3 Rc2+ 0-1

[Event "GER-chT U16"]
[Site "Dittrichshuette"]
[Date "2004.12.27"]
[Round "2"]
[White "Schiller, Stefan"]
[Black "Schehl, Michael"]
[Result "1/2-1/2"]
[WhiteElo "1819"]
[BlackElo "1401"]
[PlyCount "94"]
[EventDate "2004.12.27"]
[EventType "team"]
[EventRounds "6"]
[EventCountry "GER"]
[SourceTitle "EXT 2006"]
[Source "ChessBase"]
[SourceDate "2005.11.24"]
[SourceVersion "1"]
[SourceVersionDate "2005.11.24"]
[SourceQuality "1"]

1. e4 d5 2. exd5 Qxd5 3. Nc3 Qa5 4. d4 c6 5. Nf3 Bg4 6. Be2 e6 7. h3 Bxf3 8. Bxf3 Nf6 9. 0-0 Bd6 10. Re1 0-0 11. Ne4 Nxe4 12. Bxe4 Nd7 13. c3 Nf6 14. Bc2 Qc7 15. Bg5 Be7 16. Qd3 g6 17. Qf3 Qd8 18. Rad1 Re8 19. c4 Nd7 20. Bxe7 Rxe7 21. h4 Nb6 22. b3 Rd7 23. Qg4 Qf6 24. Re3 Rad8 25. Rf3 Qg7 26. Rfd3 Qf6 27. R3d2 h5 28. Qg3 Rxd4 29. Rxd4 Rxd4 30. Qb8+ Kg7 31. Rxd4 Qxd4 32. Qxa7 Qa1+ 33. Kh2 Qe5+ 34. g3 Qc7 35. Qa5 c5 36. Qc3+ f6 37. Qd3 f5 38. Qe3 Qd6 39. Qd3 Qxd3 40. Bxd3 Kf6 41. Kg2 Ke5 42. Be2 Nd7 43. Bf3 b6 44. Bc6 Nf8 45. Kf3 Kf6 46. a3 e5 47. Bd5 Nd7 1/2-1/2

[Event "Nittenau-ch 04th"]
[Site "Nittenau"]
[Date "2004.08.29"]
[Round "4"]
[White "Schiller, Stefan"]
[Black "Cserti, Istvan"]
[Result "1-0"]
[WhiteElo "1778"]
[BlackElo "1726"]
[PlyCount "86"]
[EventDate "2004.08.27"]
[EventType "swiss"]
[EventRounds "5"]
[EventCountry "GER"]
[SourceTitle "EXT 2022"]
[Source "ChessBase"]
[SourceDate "2021.10.06"]
[SourceVersion "1"]
[SourceVersionDate "2021.10.06"]
[SourceQuality "1"]

1. e4 c5 2. c3 g6 3. d4 cxd4 4. cxd4 Nf6 5. Nc3 d6 6. h3 Bg7 7. Be3 0-0 8. Bd3 Nc6 9. f4 e5 10. fxe5 dxe5 11. d5 Nd4 12. Nf3 Nh5 13. 0-0 Qb6 14. Na4 Qd6 15. Be2 Nxe2+ 16. Qxe2 Ng3 17. Qd2 Nxe4 18. Qd3 f5 19. Nd2 b5 20. Nxe4 fxe4 21. Rxf8+ Bxf8 22. Qxb5 Bd7 23. Qb7 Rb8 24. Qxa7 Bxa4 25. Qxa4 Qxd5 26. Rd1 Ra8 27. Rxd5 Rxa4 28. a3 Bg7 29. Rd2 Kf7 30. Rd7+ Kf6 31. Bg5+ Kxg5 32. Rxg7 e3 33. Rxh7 Rf4 34. Rc7 e2 35. Rc1 Kh4 36. Re1 Re4 37. Kf2 Rf4+ 38. Ke3 Kg3 39. Rxe2 g5 40. b4 Rd4 41. Rb2 Rd1 42. b5 Re1+ 43. Kd2 Ra1 1-0

[Event "Nittenau-ch 04th"]
[Site "Nittenau"]
[Date "2004.08.28"]
[Round "2"]
[White "Schiller, Stefan"]
[Black "Oschetzki, Stefan"]
[Result "0-1"]
[WhiteElo "1778"]
[BlackElo "2066"]
[PlyCount "72"]
[EventDate "2004.08.27"]
[EventType "swiss"]
[EventRounds "5"]
[EventCountry "GER"]
[SourceTitle "EXT 2022"]
[Source "ChessBase"]
[SourceDate "2021.10.06"]
[SourceVersion "1"]
[SourceVersionDate "2021.10.06"]
[SourceQuality "1"]

1. e4 d6 2. d4 g6 3. Nc3 Bg7 4. f4 Nc6 5. Nf3 Bg4 6. Be3 e5 7. fxe5 dxe5 8. d5 Nd4 9. Bxd4 exd4 10. Bb5+ Kf8 11. Ne2 Bxf3 12. gxf3 c5 13. Bd3 Qh4+ 14. Ng3 Be5 15. Kf2 Nf6 16. Qd2 Nh5 17. Rag1 Bf4 18. Qa5 b6 19. Qe1 Be3+ 20. Ke2 Nf4+ 21. Kd1 Bxg1 22. Qxg1 h5 23. Bb5 Qh3 24. Qf1 h4 25. Ne2 g5 26. Qxh3 Nxh3 27. Ke1 Rd8 28. Ng1 Nf4 29. Ne2 Ke7 30. Rg1 Rhg8 31. Rg4 f6 32. Nxf4 gxf4 33. Rxf4 Rg2 34. Rg4 Rxc2 35. Rg7+ Kd6 36. Ba4 Rxb2 0-1

[Event "Oberpfalz-ch M2"]
[Site "Regensburg"]
[Date "2004.04.05"]
[Round "5"]
[White "Schiller, Stefan"]
[Black "Weszka, Peter"]
[Result "1-0"]
[WhiteElo "1778"]
[BlackElo "1610"]
[PlyCount "53"]
[EventDate "2004.04.03"]
[EventType "swiss"]
[EventRounds "8"]
[EventCountry "GER"]
[SourceTitle "EXT 2022"]
[Source "ChessBase"]
[SourceDate "2021.10.06"]
[SourceVersion "1"]
[SourceVersionDate "2021.10.06"]
[SourceQuality "1"]

1. e4 c6 2. d4 d5 3. exd5 cxd5 4. c4 Nf6 5. Nc3 Nc6 6. Be3 e6 7. Nf3 g6 8. Bd3 Bg7 9. 0-0 0-0 10. Qe2 Qc7 11. Nb5 Qb8 12. c5 Ne8 13. g3 b6 14. Bf4 Qb7 15. Nd6 Nxd6 16. Bxd6 Re8 17. Rfd1 bxc5 18. Bxc5 e5 19. dxe5 Bg4 20. Ba6 Qd7 21. Qd3 Nxe5 22. Nxe5 Rxe5 23. Rdc1 Re2 24. f3 Rxb2 25. fxg4 Qxg4 26. Rab1 Rxa2 27. Qxd5 1-0

[Event "Oberpfalz-ch M2"]
[Site "Regensburg"]
[Date "2004.04.03"]
[Round "2"]
[White "Fischer, Manfred"]
[Black "Schiller, Stefan"]
[Result "0-1"]
[WhiteElo "1611"]
[BlackElo "1778"]
[PlyCount "36"]
[EventDate "2004.04.03"]
[EventType "swiss"]
[EventRounds "8"]
[EventCountry "GER"]
[SourceTitle "EXT 2022"]
[Source "ChessBase"]
[SourceDate "2021.10.06"]
[SourceVersion "1"]
[SourceVersionDate "2021.10.06"]
[SourceQuality "1"]

1. c4 c6 2. Nc3 d5 3. cxd5 cxd5 4. d4 Nf6 5. Nf3 Nc6 6. Bf4 Bf5 7. a3 e6 8. e3 Bd6 9. Bxd6 Qxd6 10. h3 a6 11. Be2 0-0 12. 0-0 b5 13. b4 Rfc8 14. Rc1 Rc7 15. Nd2 Rac8 16. Nb3 Nxb4 17. Nxb5 axb5 18. axb4 Bc2 0-1

[Event "Augsburg Afro op"]
[Site "Augsburg"]
[Date "2003.08.10"]
[Round "7"]
[White "Leuschner, Stefan"]
[Black "Schiller, Stefan"]
[Result "0-1"]
[WhiteElo "1901"]
[BlackElo "1703"]
[PlyCount "82"]
[EventDate "2003.08.06"]
[EventType "swiss"]
[EventRounds "7"]
[EventCountry "GER"]
[SourceTitle "EXT 2006"]
[Source "ChessBase"]
[SourceDate "2005.11.24"]
[SourceVersion "1"]
[SourceVersionDate "2005.11.24"]
[SourceQuality "1"]

1. e4 c5 2. Nf3 d6 3. d4 cxd4 4. Nxd4 Nf6 5. Nc3 g6 6. f3 Bg7 7. Be3 0-0 8. Qd2 Nc6 9. 0-0-0 Bd7 10. g4 Rc8 11. h4 Ne5 12. h5 Qa5 13. Nb3 Qc7 14. Be2 b5 15. hxg6 fxg6 16. Bh6 Bxh6 17. Rxh6 Rf7 18. g5 Nh5 19. Nd5 Qb8 20. f4 Nc4 21. Qd4 Ng3 22. Bd3 Bg4 23. Rg1 Ne2+ 24. Bxe2 Bxe2 25. Rgh1 Bh5 26. f5 Ne5 27. Nd2 Rc5 28. Nf4 Qc8 29. c3 b4 30. Qxb4 gxf5 31. R6xh5 fxe4 32. Qxe4 Rxf4 33. Qxh7+ Kf8 34. Qc2 Qf5 35. Rh8+ Kf7 36. R1h7+ Ke6 37. Rh6+ Kd7 38. g6 Nd3+ 39. Kb1 Rf1+ 40. Nxf1 Qxf1+ 41. Qc1 Qxc1# 0-1

[Event "Augsburg Afro op"]
[Site "Augsburg"]
[Date "2003.08.07"]
[Round "2"]
[White "Schiller, Stefan"]
[Black "Hagemann, Sven"]
[Result "1-0"]
[WhiteElo "1703"]
[BlackElo "1956"]
[PlyCount "53"]
[EventDate "2003.08.06"]
[EventType "swiss"]
[EventRounds "7"]
[EventCountry "GER"]
[SourceTitle "EXT 2006"]
[Source "ChessBase"]
[SourceDate "2005.11.24"]
[SourceVersion "1"]
[SourceVersionDate "2005.11.24"]
[SourceQuality "1"]

1. e4 c5 2. Nf3 e6 3. d4 cxd4 4. Nxd4 Nc6 5. Be3 Nf6 6. Nc3 Bb4 7. Nxc6 Bxc3+ 8. bxc3 bxc6 9. e5 Nd5 10. Bd4 Qa5 11. Qd3 c5 12. Be3 Nxe3 13. Qxe3 0-0 14. Be2 Rd8 15. Qd2 Rb8 16. 0-0 Ba6 17. Bxa6 Qxa6 18. Rfd1 Rb6 19. Qg5 Rdb8 20. h4 h6 21. Qf4 Rd8 22. Rd3 d5 23. Rg3 h5 24. Qf6 g6 25. Qxd8+ Kh7 26. Rf3 Qb7 27. Qf8 1-0

[Event "Seebach op 14th"]
[Site "Grossenseebach"]
[Date "2003.06.22"]
[Round "7"]
[White "Schiller, Stefan"]
[Black "Achatz, Michael"]
[Result "1-0"]
[WhiteElo "1703"]
[BlackElo "1799"]
[PlyCount "65"]
[EventDate "2003.06.19"]
[EventType "swiss"]
[EventRounds "7"]
[EventCountry "GER"]
[SourceTitle "EXT 2018"]
[Source "ChessBase"]
[SourceDate "2017.10.13"]
[SourceVersion "1"]
[SourceVersionDate "2017.10.13"]
[SourceQuality "1"]

1. e4 e5 2. f4 d5 3. exd5 exf4 4. Nf3 Nf6 5. c4 c6 6. dxc6 Nxc6 7. d4 Bb4+ 8. Bd2 Qe7+ 9. Be2 Bxd2+ 10. Qxd2 Qe3 11. d5 Qxd2+ 12. Kxd2 Ne4+ 13. Kc1 Nb4 14. a3 Na6 15. Re1 0-0 16. Nbd2 Bf5 17. Nd4 Nxd2 18. Kxd2 Bd7 19. b4 Nc7 20. Rf1 g5 21. Nf3 f6 22. Bd3 b5 23. d6 Ne8 24. c5 Ng7 25. Be4 Rad8 26. Bd5+ Kh8 27. Nd4 Nf5 28. Nxf5 Bxf5 29. Rae1 Rfe8 30. Bc6 Re5 31. Rxe5 fxe5 32. Re1 Rc8 33. Rxe5 1-0

[Event "Seebach op 14th"]
[Site "Grossenseebach"]
[Date "2003.06.21"]
[Round "5"]
[White "Schiller, Stefan"]
[Black "Werner, Thomas1111"]
[Result "1-0"]
[WhiteElo "1703"]
[BlackElo "1815"]
[PlyCount "61"]
[EventDate "2003.06.19"]
[EventType "swiss"]
[EventRounds "7"]
[EventCountry "GER"]
[SourceTitle "EXT 2018"]
[Source "ChessBase"]
[SourceDate "2017.10.13"]
[SourceVersion "1"]
[SourceVersionDate "2017.10.13"]
[SourceQuality "1"]

1. e4 c6 2. d4 d5 3. exd5 cxd5 4. c4 Nf6 5. Nc3 e6 6. Nf3 Be7 7. Be3 0-0 8. cxd5 Nxd5 9. Nxd5 Qxd5 10. a3 b5 11. Bd3 Nd7 12. 0-0 Bb7 13. Re1 Nf6 14. Qe2 a6 15. Rad1 h6 16. Bf4 Qh5 17. Kh1 Bxf3 18. gxf3 Nd5 19. Be5 Bf6 20. Be4 Bxe5 21. dxe5 Rad8 22. Bxd5 Rxd5 23. Rxd5 exd5 24. f4 Qxe2 25. Rxe2 d4 26. Rd2 Rd8 27. Kg2 f5 28. Kf3 Kf7 29. Rc2 Rd7 30. Rc6 d3 31. e6+ 1-0

[Event "Seebach op 14th"]
[Site "Grossenseebach"]
[Date "2003.06.19"]
[Round "2"]
[White "Hiemer, Helmut"]
[Black "Schiller, Stefan"]
[Result "0-1"]
[WhiteElo "1228"]
[BlackElo "1703"]
[PlyCount "38"]
[EventDate "2003.06.19"]
[EventType "swiss"]
[EventRounds "7"]
[EventCountry "GER"]
[SourceTitle "EXT 2018"]
[Source "ChessBase"]
[SourceDate "2017.10.13"]
[SourceVersion "1"]
[SourceVersionDate "2017.10.13"]
[SourceQuality "1"]

1. e4 c5 2. Bc4 e6 3. Nc3 Nc6 4. Nf3 d6 5. d3 Nf6 6. h3 d5 7. exd5 exd5 8. Bb3 Be7 9. Bg5 0-0 10. Bxf6 Bxf6 11. Bxd5 Bxc3+ 12. bxc3 Qxd5 13. 0-0 Ne5 14. Nxe5 Qxe5 15. c4 Qg5 16. Kh1 b6 17. Rb1 Bb7 18. Rg1 Qh4 19. Qd2 Qxh3# 0-1

[Event "Seebach op 14th"]
[Site "Grossenseebach"]
[Date "2003.06.19"]
[Round "1"]
[White "Schiller, Stefan"]
[Black "Puehn, Georg"]
[Result "0-1"]
[WhiteElo "1703"]
[BlackElo "1896"]
[PlyCount "62"]
[EventDate "2003.06.19"]
[EventType "swiss"]
[EventRounds "7"]
[EventCountry "GER"]
[SourceTitle "EXT 2018"]
[Source "ChessBase"]
[SourceDate "2017.10.13"]
[SourceVersion "1"]
[SourceVersionDate "2017.10.13"]
[SourceQuality "1"]

1. e4 c6 2. d4 d5 3. exd5 cxd5 4. c4 Nf6 5. Nc3 g6 6. Nf3 Bg7 7. cxd5 0-0 8. d6 exd6 9. Be2 d5 10. Bg5 h6 11. Bh4 g5 12. Bg3 Nc6 13. h4 g4 14. Ne5 Re8 15. Nxc6 bxc6 16. 0-0 Bf5 17. Rc1 h5 18. Na4 Qa5 19. Rc5 Qb4 20. a3 Qb7 21. Ra5 Ne4 22. Ba6 Qe7 23. Re1 Qd8 24. b4 Nxg3 25. Rxe8+ Qxe8 26. fxg3 Qe3+ 27. Kh2 Bxd4 28. Bb7 Rd8 29. Bxc6 Be5 30. Bxd5 Qxg3+ 31. Kg1 Bd4+ 0-1